000 01271nam0a22003251 4500
001 rc\70288
005 20260407075038.0
010 _a5-225-01856-4
_d30 к.
021 _aRU
_b91-28782
035 _a(NLR Aleph) 005343226
090 _a6716246
_c6716246
100 _a20021216d1991 |||y0rusy50 ca
101 1 _arus
_ceng
102 _aRU
105 _aa j||||||||
200 1 _aЕстественные методы планирования семьи
_eруководство по обеспечению служб
_e[перевод с английского]
_fВсемирная организация здравоохранения. Женева
210 _aМосква
_cМедицина
_d1991
215 _a75, [1] с.
_cил.
_d24
606 1 _aСемья
_xПланирование
_91351062
_3RU\NLR\AUTH\66564226
606 1 _aКонтрацепция
_91128401
_3RU\NLR\AUTH\66128468
606 1 _aРождаемость
_91206802
_3RU\NLR\AUTH\66170868
686 1 _aР11(0)4
686 1 _aР714.61
711 0 2 _aВсемирная организация здравоохранения
_3RU\NLR\AUTH\884026
_9279408
801 0 _aRU
_bNLR
_gpsbo
801 1 _aRU
_bELAR
_2rusmarc
852 _aNLR
_j91-7/729
942 _cBOOK
980 _aNB